Ramiro De León: ¿la carta soñada para los militares? /
Gardado en:
| Autor Principal: | |
|---|---|
| Formato: | Texto |
| Materias: | |
| Etiquetas: |
Engadir etiqueta
Sen Etiquetas, Sexa o primeiro en etiquetar este rexistro!
|
MARC
| LEADER | 00000 a a2200000 04500 | ||
|---|---|---|---|
| 001 | 7058 | ||
| 003 | |||
| 040 | |||
| 100 | |a Martínez, Emma G. | ||
| 245 | |a Ramiro De León: |b ¿la carta soñada para los militares? / |c Emma G. Martínez | ||
| 650 | |a FUERZAS ARMADAS | ||
| 650 | |a GOBIERNO | ||
| 650 | |a POLITICA | ||
| 650 | |a DERECHOS HUMANOS | ||
| 650 | |a SOCIEDAD CIVIL | ||
| 650 | |a CORRUPCION | ||
| 650 | |a VIOLENCIA | ||
| 650 | |a SOCIEDAD CIVIL | ||
| 773 | |g volumen 12, número 141; páginas 31-37 | ||
| 999 | |c 27522 |d 27522 | ||
